| 000 | 00946nam a2200205 i 4500 | ||
|---|---|---|---|
| 001 | 181976 | ||
| 003 | ES-MaACL | ||
| 005 | 20250901230506.0 | ||
| 008 | 130520s1831 sp |||| | spa d | ||
| 110 | 2 |
_aJunta de Comercio de Bayona _9152785 |
|
| 245 | 1 | 0 |
_aObservaciones de la Junta de Comercio de Bayona a la Comisión de Comercio y de las Colonias sobre las causas de la decadencia y ruina de su comercio, industria y navegación : _btraducidas y comentadas. |
| 260 |
_aMadrid : _b[s.n.], _c1831 ( _fMiguel de Burgos, imp. de la Real Junta de Aranceles) |
||
| 300 |
_aXVI, 47 p. ; _c19 cm. |
||
| 530 | _aDisponible en formato digital. | ||
| 651 | 4 |
_aEspaña- _xColonias- _yS.XIX _98176 |
|
| 852 | 4 |
_aES-MaACL _jT-11-F-12 |
|
| 856 | 4 |
_uhttp://hdl.handle.net/10357/4316 _zMemoria Digital Vasca |
|
| 856 | 4 |
_uhttp://biblioteca.galiciana.gal/es/consulta/registro.do?id=4216 _zBiblioteca Dixital de Galicia |
|
| 999 |
_c181976 _d181976 |
||